<?xml version="1.0" encoding="UTF-8"?>
<record
    xmlns:xsi="http://www.w3.org/2001/XMLSchema-instance"
    xsi:schemaLocation="http://www.loc.gov/MARC21/slim http://www.loc.gov/standards/marcxml/schema/MARC21slim.xsd"
    xmlns="http://www.loc.gov/MARC21/slim">

  <leader>02773    a2200217   4500</leader>
  <controlfield tag="001">41715</controlfield>
  <controlfield tag="005">20260407155709.0</controlfield>
  <controlfield tag="008">260407a1963    arg                 spa d</controlfield>
  <controlfield tag="003">AR-UNSa-BCEJYS</controlfield>
  <datafield tag="040" ind1=" " ind2=" ">
    <subfield code="a">AR-UNSa-BCEJYS</subfield>
    <subfield code="b">spa</subfield>
    <subfield code="c">AR-UNSa-BCEJYS</subfield>
  </datafield>
  <datafield tag="080" ind1=" " ind2=" ">
    <subfield code="a">339.9</subfield>
    <subfield code="x">Econom&#xED;a internacional en general. Relaciones econ&#xF3;micas internacionales. Econom&#xED;a mundial </subfield>
  </datafield>
  <datafield tag="245" ind1="1" ind2="0">
    <subfield code="a">Introducci&#xF3;n a la econom&#xED;a internacional</subfield>
  </datafield>
  <datafield tag="264" ind1=" " ind2="1">
    <subfield code="a">M&#xE9;xico :</subfield>
    <subfield code="b">Uni&#xF3;n Tipogr&#xE1;fica Editorial Hispano-Americana (UTEHA)</subfield>
    <subfield code="c">1963</subfield>
  </datafield>
  <datafield tag="300" ind1=" " ind2=" ">
    <subfield code="a">xv, 646 p.</subfield>
    <subfield code="c">23 cm.</subfield>
  </datafield>
  <datafield tag="505" ind1=" " ind2=" ">
    <subfield code="a">Parte I: La teoria y los fundamentos empiricos del comercio y de los movimientos de los factores internacionales : 3. Teor&#xED;a del comercio internacional - 4. Teor&#xED;a del comercio internacional(continuaci&#xF3;n) - 5. Fundamentos emp&#xED;ricos del comercio internacional - 6. Movimientos internacionales de los factores - 7. Examen de los movimientos internacionales del capital y de la poblaci&#xF3;n - Parte II: El problema del desequilibrio internacional : 8. La econom&#xED;a nacional dentro de la econom&#xED;a mundial: La balanza de pagos - 9. C&#xF3;mo se hacen y compensan los pagos internacionales - 10. Tipos de cambio - 12. Fuentes de desequilibrio de la balanza de pagos - 12. Escasez de d&#xF3;lores - Parte III: El proceso de ajuste de la balanza de pagos : 13. Ajuste de la balanza de pagos bajo sistemas de tipos de cambio de fluctuaci&#xF3;n libre y flexibles - 14. Ajuste con  el patr&#xF3;n oro - 15. Ajuste mediante el control de cambios - 16. La selecci&#xF3;n del proceso de ajuste - 17. El problema de la restauraci&#xF3;n del equilibrio europeo - 18. Negocio inconcluso: Convertibilidad plena y multilateralismo - 19. Los obstaculos a la convertibilidad : Parte IV: Barrera p&#xFA;blicas y privadas al comercio internacional : 20. La teor&#xED;a de los aranceles y otras resticciones al intercambio - 21. Pol&#xED;ticas comerciales de los Estados Unidos - 22. Evaluaci&#xF3;n de las pol&#xED;ticasa comerciales recientes de los Estados Unidos - 23. Monopolio y comercio internacional - 24. Carteles Internacionales - Parte V:  La busqueda de la estabilidad y el crecimiento economicos mediante la cooperaci&#xF3;n internacional : 25. El conflicto entre la estabilidad dom&#xE9;stica y el libre comercio internacional: 25. El conflicto entre la estabilidad dom&#xE9;stica y el libre comercio internacional - 26. El fondo monetario internacional - 27. El problema de las regiones subdesarrolladas - 28. El papel del capital y la ayuda t&#xE9;cnica internacionales en el desarrollo econ&#xF3;mico - 29. El banco internacional de reconstrucci&#xF3;n y fomento - 30. El papel de los Estados Unidos en la econom&#xED;a mundial.</subfield>
  </datafield>
  <datafield tag="041" ind1=" " ind2=" ">
    <subfield code="a">spa</subfield>
  </datafield>
  <datafield tag="942" ind1=" " ind2=" ">
    <subfield code="c">BK</subfield>
  </datafield>
  <datafield tag="590" ind1=" " ind2=" ">
    <subfield code="a">niveau_biblio:m niveau_hierar:0</subfield>
  </datafield>
  <datafield tag="100" ind1="1" ind2=" ">
    <subfield code="a">Fern&#xE1;ndez Cepero, Manuel de J.</subfield>
  </datafield>
  <datafield tag="700" ind1="1" ind2=" ">
    <subfield code="a">Snider, Delbert A.</subfield>
  </datafield>
  <datafield tag="999" ind1=" " ind2=" ">
    <subfield code="c">3531</subfield>
    <subfield code="d">3531</subfield>
  </datafield>
  <datafield tag="952" ind1=" " ind2=" ">
    <subfield code="0">0</subfield>
    <subfield code="1">0</subfield>
    <subfield code="4">0</subfield>
    <subfield code="7">0</subfield>
    <subfield code="a">BCEJYS</subfield>
    <subfield code="b">BCEJYS</subfield>
    <subfield code="c">16</subfield>
    <subfield code="d">2026-04-07</subfield>
    <subfield code="l">0</subfield>
    <subfield code="o">339.9 S672</subfield>
    <subfield code="p">L24577</subfield>
    <subfield code="r">2026-04-07 15:57:09</subfield>
    <subfield code="w">2026-04-07</subfield>
    <subfield code="y">L</subfield>
  </datafield>
  <datafield tag="952" ind1=" " ind2=" ">
    <subfield code="0">0</subfield>
    <subfield code="1">0</subfield>
    <subfield code="4">0</subfield>
    <subfield code="7">0</subfield>
    <subfield code="a">BCEJYS</subfield>
    <subfield code="b">BCEJYS</subfield>
    <subfield code="c">16</subfield>
    <subfield code="d">2026-04-07</subfield>
    <subfield code="l">0</subfield>
    <subfield code="o">339.9 S672</subfield>
    <subfield code="p">L24578</subfield>
    <subfield code="r">2026-04-07 15:57:09</subfield>
    <subfield code="w">2026-04-07</subfield>
    <subfield code="y">L</subfield>
  </datafield>
</record>
